ბათუმის შოთა რუსთაველის სახელმწიფო უნივერსიტეტის ბიბლიოთეკა

Сочинения / (ბიბ.ჩანაწერი № 61431)

000 -LEADER
fixed length control field 00829nam a22002057a 4500
005 - DATE AND TIME OF LATEST TRANSACTION
control field 20240313111845.0
008 - FIXED-LENGTH DATA ELEMENTS--GENERAL INFORMATION
fixed length control field 240313s1963 ru ||||| |||| 00| 0 rus d
041 ## - LANGUAGE CODE
Language code of text/sound track or separate title rus
080 ## - UNIVERSAL DECIMAL CLASSIFICATION NUMBER
Universal Decimal Classification number 821.124-1 K-29
100 ## - MAIN ENTRY--PERSONAL NAME
Personal name Катулл, Валерий
9 (RLIN) 21403
245 ## - TITLE STATEMENT
Title Сочинения /
Statement of responsibility, etc. Валерий Катулл. Альбий Тибулл. Секст Проперций.
264 ## - PRODUCTION, PUBLICATION, DISTRIBUTION, MANUFACTURE, AND COPYRIGHT NOTICE
Place of production, publication, distribution, manufacture Москва :
Name of producer, publisher, distributor, manufacturer Гос. изд-во худож. лит-ры,
Date of production, publication, distribution, manufacture, or copyright notice 1963.
300 ## - PHYSICAL DESCRIPTION
Extent 512 с.;
Other physical details 21 см.
440 ## - SERIES STATEMENT/ADDED ENTRY--TITLE
Title Библиотека античной литературы
9 (RLIN) 20427
653 ## - INDEX TERM--UNCONTROLLED
keyword პოემა
700 ## - ADDED ENTRY--PERSONAL NAME
Personal name Катулл, B.
Relator term ავტორი
9 (RLIN) 21404
700 ## - ADDED ENTRY--PERSONAL NAME
Personal name Тибулл, А.
Relator term ავტორი
Fuller form of name С
9 (RLIN) 21405
700 ## - ADDED ENTRY--PERSONAL NAME
Personal name Проперций, С.
Relator term ავტორი
9 (RLIN) 21406
942 ## - ADDED ENTRY ELEMENTS (KOHA)
Source of classification or shelving scheme
Koha item type წიგნი
ეგზემპლარები
Withdrawn status Lost status Source of classification or shelving scheme Damaged status Not for loan Permanent Location Current Location Shelving location Date acquired Cost, normal purchase price Full call number Barcode Date last seen Copy number Uniform Resource Identifier Price effective from Koha item type Public note
          ბათუმის შოთა რუსთაველის სახელმწიფო უნივერსიტეტის მთავარი ბიბლიოთეკა ბათუმის შოთა რუსთაველის სახელმწიფო უნივერსიტეტის მთავარი ბიბლიოთეკა წიგნსაცავი 2024-03-13 10.00 821.124-1 K-29 65788 2024-03-13 65788 ბსუ-ს საპატიო დოქტორის გურამ ლორთქიფანიძის საჩუქარი 2024-03-13 წიგნი 10 ლ.